| 000 | 00970nam a22002057a 4500 | ||
|---|---|---|---|
| 999 |
_c57016 _d57016 |
||
| 003 | Ge_BSU | ||
| 005 | 20191010152415.0 | ||
| 008 | 191010s1973 ge ||||| |||| 00| 0 geo d | ||
| 041 | _ageo | ||
| 080 | _a006.91(479.22)(09) ჯ-27 | ||
| 100 | _4ჯაფარიძე, გ. | ||
| 245 |
_aნარკვევები ქართული მეტროლოგიის ისტორიიდან : _bIX-XIX სს. / _cაღმოსავლეთმცოდნეობის ინ-ტი. |
||
| 264 |
_aთბ. : _bმეცნიერება, _c1973. |
||
| 300 |
_a177გვ. : _b4ფ. ილ. ; _c21სმ. |
||
| 501 | _aტერმინთა საძიებელი გვ. 169-175. | ||
| 520 | _a რეზ. რუს. ენ. | ||
| 653 | _aქართული მეტროლოგიის ისტორია | ||
| 710 |
_aაღმოსავლეთმცოდნეობის ინ-ტი _94678 |
||
| 942 |
_2udc _cBK |
||